Osmanlı klâsik çağında siyaset/ (Record no. 25443)
| 000 -BAŞLIK | |
|---|---|
| Sabit Uzunluktaki Kontrol Alanı | 02587nam a22003617a 4500 |
| 001 - KONTROL NUMARASI | |
| Control Dosyası | 0025495 |
| 003 - KONTROL NUMARASI KİMLİĞİ | |
| Kontrol Alanı | KOHA_MİRAKIL |
| 005 - EN SON İŞLEM TARİHİ ve ZAMANI | |
| Kontrol Alanı | 20260207002505.0 |
| 007 - FİZİKSEL TANIM SABİT ALAN - GENEL BİLGİ | |
| Sabit uzunluklu kontrol alanı | ta |
| 008 - SABİT UZUNLUKTAKİ VERİ ÖGELERİ - GENEL BİLGİ | |
| Sabit Alan | 101112b2009 tu |||gr||||#0|||0|tur | |
| 020 ## - ISBN - ULUSLARARASI STANDART KİTAP NUMARASI | |
| Isbn | 9786051141329 |
| Kullanılabilirlik koşulları | 12,51 |
| 040 ## - KATALOGLAMA KAYNAĞI | |
| Özgün Kataloglama Kurumu | TR-BiSEU |
| Kataloglama Dili | tur |
| Çeviri Kurumu | TR-BiSEU |
| Açıklama Kuralları | rda |
| 041 0# - DİL KODU | |
| Metin ya da ses kaydının dil kodu | tur |
| 044 ## - YAYINLAYAN/ÜRETEN KURULUŞUN ÜLKE KODU | |
| ISO country code | tu |
| 050 ## - SINIFLAMA ve YER NUMARASI | |
| Sınıflama Numarası | DR472 |
| Yer Numarası | .E44 2009 |
| 100 1# - KİŞİ ADI | |
| Yazar Adı (Kişi adı) | Emecen, Feridun M.. |
| 245 1# - ESER ADI BİLDİRİMİ | |
| Başlık | Osmanlı klâsik çağında siyaset/ |
| Sorumluluk Bildirimi | Feridun M. Emecen ; Feridun M. Emecen. |
| 264 #1 - ÜRERİM, YAYIN, DAĞITIM ve TELİF BİLDİRİMİ | |
| Yayın yeri | İstanbul : |
| Yayınlayan | Timaş |
| Yayın tarihi | 2009 |
| 300 ## - FİZİKSEL TANIMLAMA | |
| Sayfa, Cilt vb. | 416 s. ; |
| Boyutları | 21 cm. |
| 336 ## - İÇERİK TÜRÜ | |
| Content type term | metin |
| Content type code | txt |
| Source | rdacontent |
| 337 ## - MEDYA TÜRÜ | |
| Media type term | aracısız |
| Media type code | n |
| Source | rdamedia |
| 338 ## - TAŞIYICI TÜRÜ | |
| Carrier type term | cilt |
| Carrier type code | nc |
| Source | rdacarrier |
| 490 0# - DİZİ BİLDİRİMİ | |
| Dizi Bildirimi | Timaş Yayınları : 2206, Osmanli tarihi dizisi : 44 |
| 500 ## - GENEL NOT | |
| Genel Not | Kaynakça ve dizin var. |
| 505 ## - İÇİNDEKİLER NOTU | |
| İçindekiler Notu | Osmanlı siyasi ve askeri tarihi, üzerinde en çok araştırma yapılan alanlardan biri olmasına rağmen tarihçilikteki son yönelimler sebebiyle giderek ilgi alanı olmaktan uzaklaşmaktadır. Osmanlı siyasi tarihinin değişik meselelerini, bazen genel hatlarıyla belirli zaman dilimi içerisinde, bazen belirli hadiseler zincirinde inceleyen ve her birinin belirli bir tezi ve amacı olan yazılardan oluşan Osmanlı Klasik Çağında Siyaset'te, iyi etüt edilmemiş, ama yaygınlık kazanmış konular bir ba açıdan değerlendirilmektedir. |
| 650 #0 - KONU BAŞLIĞI EK GİRİŞ - KONU TERİMİ | |
| Konusal terim veya coğrafi ad | Turkey-- Politics and government--History. |
| 9 (RLIN) | 51374 |
| 650 #0 - KONU BAŞLIĞI EK GİRİŞ - KONU TERİMİ | |
| Konusal terim veya coğrafi ad | Turkey-- History--Ottoman Empire, 1288-1918. |
| 9 (RLIN) | 46720 |
| 650 #0 - KONU BAŞLIĞI EK GİRİŞ - KONU TERİMİ | |
| Konusal terim veya coğrafi ad | Turkey--Foreign relations--Europe. |
| 9 (RLIN) | 19819 |
| 650 #0 - KONU BAŞLIĞI EK GİRİŞ - KONU TERİMİ | |
| Konusal terim veya coğrafi ad | Turkey--Foreign relations-- Orient. |
| 9 (RLIN) | 51375 |
| 830 0# - SERİ EK GİRİŞİ - TEKBİÇİM ESER ADI | |
| Tekbiçim Başlık | Timaş Yayınları : 2206, Osmanli tarihi dizisi : 44 |
| 9 (RLIN) | 51376 |
| 907 ## - LOCAL DATA ELEMENT G, LDG (RLIN) | |
| a | Tarih |
| 942 ## - EK GİRİŞ ÖGELERİ (KOHA) | |
| Source of classification or shelving scheme | Library of Congress Classification |
| Koha item type | Book |
| 505 ## - İÇİNDEKİLER NOTU | |
| -- | |
| -- | |
| -- | İstanbul Üniversitesi Tarih Bölümü, Yeniçağ Tarihi Anabilim Dalı Başkanı Feridun Emecen, uzun yıllar süren araştırmalarının ürünü olan bu kitabında, Osmanlı Devleti'nin İmparatorluğa dönüşüm sürecini içine alan Klasik Çağ'daki siyaset anlayışını, geleceğe dair öngörüsünü ve planlarını masaya yatırıyor. Öncelikle, merkezi eksenli Doğu-Batı siyasetini, merkez dışı uçlara yönelik yeni politikaları, Osman Gazi'den Kanuni Sultan Süleyman'a kadar bir Cihan Devleti'ne giden aşamaları, Fatih Sultan Mehmet'in akılcı politikalarını, "Şark Meselesi"ni, İmparatorluğun komşu devletlerle ilişkisini, bugüne kadar göz ardı edilen ama merkezi yönetim anlayışının mahiyetini ve uzun vadeli stratejik planlamaların niteliğini gösteren yaklaşımları, detaylarıyla ele alıyor. |
| Materyal Türü | Kalıcı Konum | Mevcut Konum | Raf Yeri | Sınıflandırma Kaynağı | Edinim Bilgisi | Ana Konular | Alt Konular | Yer Numarası | Demirbaş Numarası | Fatura Tarihi | Maliyet, Alış Fiyatı | Maliyet, Yenileme Fiyatı | Geri Çekilme Durumu | Kayıp Durumu | Hasarlı Durumu | Kredi için değil | Kayıt Tarih | Toplam Ödünçverme | Son Görülme Tarihi | Son Kontrol Tarihi |
|---|---|---|---|---|---|---|---|---|---|---|---|---|---|---|---|---|---|---|---|---|
| Book | Prof. Dr. Azmi Özcan Kütüphanesi | Prof. Dr. Azmi Özcan Kütüphanesi | Uluğbey Salonu | Library of Congress Classification | Satın | DÜNYA TARİHİ (AVRUPA, ASYA, AFRİKA VB.) | Balkan Yarımadası | DR472 .E44 2009 | 0025495 | 15/12/2010 | 13.51 | 13.51 | 12/11/2010 | 3 | 05/12/2024 | 05/12/2024 |
